Core series Pokémon games - Statistics

General Stats
  • This quiz has been taken 19 times
  • The average score is 32 of 42
Answer Stats
Generation Answer % Correct
Generation I Blue
100%
Generation I Red
100%
Generation III Ruby
100%
Generation III Sapphire
100%
Generation IV Diamond
93%
Generation II Gold
93%
Generation IV Pearl
93%
Generation II Silver
93%
Generation VI X
93%
Generation VI Y
93%
Generation V Black
87%
Generation I Green
87%
Generation VII Moon
87%
Generation IX Scarlet
87%
Generation VIII Shield
87%
Generation VII Sun
87%
Generation VIII Sword
87%
Generation IX Violet
87%
Generation V White
87%
Generation I Yellow
87%
Generation V Black 2
80%
Generation III Emerald
80%
Generation IV HeartGold
80%
Generation VIII Legends: Arceus
80%
Generation IV SoulSilver
80%
Generation V White 2
80%
Generation VI Alpha Sapphire
73%
Generation II Crystal
73%
Generation VI Omega Ruby
73%
Generation VIII Brilliant Diamond
67%
Generation III FireRed
67%
Generation III LeafGreen
67%
Generation VII Let's Go, Eevee!‎
67%
Generation VII Let's Go, Pikachu!
67%
Generation IV Platinum
67%
Generation VIII Shining Pearl
67%
Generation VII Ultra Moon
67%
Generation VII Ultra Sun
67%
Generation VIII The Crown Tundra
40%
Generation IX The Teal Mask
33%
Generation VIII The Isle of Armor
27%
Generation IX The Indigo Disk
20%
No matching quizzes found
Score Distribution
Percent of People with Each Score
Percentile by Number Answered
Your Score History
You have not taken this quiz